[Event "XXVIII Festival Conca della Presolana A"]
[Site "Bratto - Castione della Presolana ITA"]
[Date "2008.08.23"]
[Round "2"]
[White "Lampl, Gerald"]
[Black "Carrara, Diego"]
[Result "1-0"]
[WhiteElo "2155"]
[BlackElo "2043"]
[PlyCount "113"]
[EventDate "2008.08.22"]

1. d4 Nf6 2. c4 d6 3. Nc3 c6 4. Nf3 Nbd7 5. g3 e5 6. Bg2 Be7 7. O-O O-O 8. Qc2
Re8 9. Rd1 Qc7 10. e4 Nf8 11. d5 c5 12. h3 Bd7 13. Be3 Reb8 14. Bf1 Qc8 15. Kh2
Ng6 16. Ne1 Ne8 17. g4 Nf6 18. f3 a6 19. Rab1 b5 20. b3 b4 21. Ne2 a5 22. Ng3
a4 23. Nf5 axb3 24. axb3 Ra6 25. Ra1 Rba8 26. Qb2 Qb7 27. Nc2 Kf8 28. Be2 R8a7
29. Rxa6 Rxa6 30. Ra1 Qa8 31. Rxa6 Qxa6 32. Qa1 Qxa1 33. Nxa1 Bxf5 34. exf5 Nf4
35. Bf1 Nd7 36. Kg3 g5 37. fxg6 Nxg6 38. Bh6+ Ke8 39. Bd3 Bf8 40. Bd2 Bg7 41.
Nc2 h6 42. h4 Nf4 43. Bxf4 exf4+ 44. Kxf4 Ne5 45. Be4 Ng6+ 46. Bxg6 fxg6 47. h5
Kf7 48. hxg6+ Kxg6 49. Ne3 Be5+ 50. Ke4 Kg5 51. Nf5 Bh2 52. Ng7 Kg6 53. Ne6 h5
54. gxh5+ Kxh5 55. Kf5 Kh6 56. f4 Kh7 57. Kf6 1-0

[Event "XXVIII Festival Conca della Presolana A"]
[Site "Bratto - Castione della Presolana ITA"]
[Date "2008.08.23"]
[Round "2"]
[White "Lanzani, Mario"]
[Black "Cebalo, Miso"]
[Result "1-0"]
[WhiteElo "2349"]
[BlackElo "2523"]
[PlyCount "101"]
[EventDate "2008.08.22"]

1. e4 c5 2. c3 d6 3. d4 Nf6 4. Bd3 Nc6 5. Nf3 Bg4 6. d5 Bxf3 7. Qxf3 Ne5 8.
Bb5+ Ned7 9. O-O a6 10. Ba4 b5 11. Bc2 g6 12. Qh3 Bg7 13. Bh6 O-O 14. Bxg7 Kxg7
15. Nd2 c4 16. Rad1 Nc5 17. Qe3 Qc7 18. f4 e6 19. dxe6 Nxe6 20. Nf3 Rac8 21.
Rfe1 Ng4 22. Qd2 d5 23. e5 Qb6+ 24. Kf1 f6 25. h3 Nh6 26. exf6+ Rxf6 27. Qxd5
Nf7 28. g3 Rd8 29. Qe4 Nc5 30. Qe3 Rxd1 31. Rxd1 Qc6 32. Kf2 a5 33. Ne5 Qc7 34.
Nxf7 Kxf7 35. Rd5 Ne6 36. Be4 b4 37. Rb5 Qd6 38. Rxa5 Kg7 39. Rd5 Qa6 40. Rd7+
Kh6 41. Qa7 Qxa7+ 42. Rxa7 bxc3 43. bxc3 Nc5 44. Kf3 Rd6 45. g4 Nxe4 46. Kxe4
g5 47. fxg5+ Kxg5 48. Ra5+ Kg6 49. Rd5 Ra6 50. Kd4 Ra4 51. Rf5 1-0

[Event "XXVIII Festival Conca della Presolana A"]
[Site "Bratto - Castione della Presolana ITA"]
[Date "2008.08.23"]
[Round "2"]
[White "Levin, Felix"]
[Black "Salmoiraghi, Angelo"]
[Result "1-0"]
[WhiteElo "2564"]
[BlackElo "2106"]
[PlyCount "67"]
[EventDate "2008.08.22"]

1. d4 Nf6 2. Nf3 e6 3. c4 b6 4. a3 c5 5. d5 Ba6 6. Qb3 exd5 7. cxd5 d6 8. Nc3
Nbd7 9. g3 g6 10. Bg2 Bg7 11. Bf4 O-O 12. Qa4 Bb7 13. Bxd6 Re8 14. Rd1 a6 15.
O-O b5 16. Qc2 Qb6 17. Bf4 b4 18. axb4 cxb4 19. Na4 b3 20. Qd2 Qd8 21. Ne1 Rc8
22. Qb4 Ba8 23. Bf3 Ne5 24. Bxe5 Rxe5 25. Nc3 Rb8 26. Qc4 Nd7 27. Qxa6 Rb6 28.
Qc4 Bb7 29. Nd3 Re8 30. Ra1 Ne5 31. Nxe5 Bxe5 32. Rfd1 Qd7 33. Na4 Ba6 34. Nxb6
1-0

[Event "XXVIII Festival Conca della Presolana A"]
[Site "Bratto - Castione della Presolana ITA"]
[Date "2008.08.23"]
[Round "2"]
[White "Marguerettaz, Davy"]
[Black "Garano, Nicola"]
[Result "0-1"]
[WhiteElo "1987"]
[BlackElo "2265"]
[PlyCount "76"]
[EventDate "2008.08.22"]

1. e4 c5 2. c3 d5 3. exd5 Qxd5 4. d4 Nf6 5. Nf3 Bg4 6. Be2 e6 7. O-O Be7 8. h3
Bh5 9. dxc5 Qxc5 10. Qa4+ Nbd7 11. b3 Qc7 12. Ba3 Bc5 13. Bxc5 Qxc5 14. Rd1 Qe7
15. g4 Bg6 16. Ne5 a6 17. g5 Nd5 18. Nxd7 Qxg5+ 19. Bg4 O-O-O 20. Qc4+ Nc7 21.
Nb6+ Kb8 22. Na3 h5 23. Nd7+ Kc8 24. f4 Qh4 25. Bf3 Qg3+ 26. Bg2 Rxd7 27. Rxd7
Kxd7 28. Qd4+ Kc8 29. Qb6 Be4 30. Qf2 Qxg2+ 31. Qxg2 Bxg2 32. Kxg2 Rd8 33. Nc4
Nd5 34. Kf3 Nxc3 35. Ne5 Kb8 36. Nxf7 Rd3+ 37. Kg2 Nd5 38. Rf1 Ne3+ 0-1

[Event "XXVIII Festival Conca della Presolana A"]
[Site "Bratto - Castione della Presolana ITA"]
[Date "2008.08.23"]
[Round "2"]
[White "Marholev, Dimitar"]
[Black "Manfredi, Vincenzo"]
[Result "1-0"]
[WhiteElo "2366"]
[BlackElo "2204"]
[PlyCount "64"]
[EventDate "2008.08.22"]

1. d4 Nf6 2. c4 g6 3. Nc3 Bg7 4. e4 d6 5. h3 O-O 6. Nf3 c5 7. d5 e6 8. Bd3 exd5
9. exd5 Re8+ 10. Be3 Na6 11. O-O Nc7 12. a4 Na6 13. Rc1 Nb4 14. Bb1 a6 15. Qd2
b5 16. axb5 axb5 17. Nxb5 Bb7 18. Bg5 Qb6 19. Bxf6 Bxf6 20. Ng5 Bxg5 21. Qxg5
Re5 22. Qh4 Bxd5 23. f4 Ree8 24. f5 Qd8 25. Qh6 Qe7 26. Rcd1 Bb7 27. f6 Qf8 28.
Qxf8+ Kxf8 29. Rxd6 Rad8 30. Rfd1 Rxd6 31. Rxd6 Rc8 32. Rd7 Ba8 1-0

[Event "XXVIII Festival Conca della Presolana A"]
[Site "Bratto - Castione della Presolana ITA"]
[Date "2008.08.23"]
[Round "2"]
[White "Mazzariol, Oscar"]
[Black "Leburgue, Sylvain"]
[Result "1-0"]
[WhiteElo "2080"]
[BlackElo "2168"]
[PlyCount "67"]
[EventDate "2008.08.22"]

1. d4 d5 2. c4 c6 3. Nc3 dxc4 4. e4 b5 5. a4 b4 6. Na2 Nf6 7. e5 Nd5 8. Bxc4 e6
9. Nf3 Be7 10. O-O Nd7 11. Re1 Bb7 12. Bd2 a5 13. Nc1 N5b6 14. Bd3 c5 15. dxc5
Nxc5 16. Bb5+ Kf8 17. Be3 Qxd1 18. Rxd1 Nd5 19. Bxc5 Bxc5 20. Nb3 Bb6 21. Rac1
Rc8 22. Rxc8+ Bxc8 23. Nfd4 Ne7 24. Rc1 Bb7 25. Bc6 Ba6 26. Nc5 Bc8 27. Be4 g5
28. Ndb3 Kg7 29. Bb7 Bxb7 30. Nxb7 Ra8 31. Nd6 Ra7 32. Rc4 Rc7 33. Rxc7 Bxc7
34. Ne8+ 1-0

[Event "XXVIII Festival Conca della Presolana A"]
[Site "Bratto - Castione della Presolana ITA"]
[Date "2008.08.23"]
[Round "2"]
[White "Moncelli, Giorgio"]
[Black "Pascucci, Marco"]
[Result "0-1"]
[WhiteElo "2105"]
[BlackElo "2009"]
[PlyCount "134"]
[EventDate "2008.08.22"]

1. d4 c5 2. e3 Nf6 3. Nf3 g6 4. dxc5 Bg7 5. Nbd2 Qa5 6. a3 Qxc5 7. b4 Qc7 8.
Bb2 O-O 9. c4 d6 10. Be2 a5 11. O-O Na6 12. Qb3 Bd7 13. Bc3 Rfc8 14. Rfc1 e5
15. Qb2 b6 16. Ng5 Nb8 17. Rd1 Nc6 18. Rac1 h6 19. Nge4 Ne8 20. Nf3 Be6 21. b5
Nd8 22. c5 bxc5 23. b6 Qe7 24. Bb5 Nb7 25. Ned2 f6 26. e4 f5 27. Nc4 fxe4 28.
Ne1 d5 29. Nxe5 d4 30. Nc6 Rxc6 31. Bxc6 dxc3 32. Qc2 Bf5 33. Qb3+ Kh7 34. Nc2
Rc8 35. Bd5 c4 36. Bxc4 Nc5 37. Qa2 Nd3 38. Rb1 Nb2 39. Bg8+ Kh8 40. Re1 Nd6
41. Bd5 Rb8 42. Qb3 a4 43. Qb4 Nd3 44. Qxa4 Nxe1 45. Rxe1 Rxb6 46. Nd4 Rb8 47.
Nc6 Qe8 48. Qa7 Rb5 49. Nb4 Qb8 50. Qe7 h5 51. h3 Rc5 52. g4 Qf8 53. Qa7 Nb5
54. Qb6 hxg4 55. hxg4 Bxg4 56. Qxg6 Qf5 57. Qe8+ Qf8 58. Qxe4 Bd4 59. Qh1+ Kg7
60. Nd3 Rc7 61. Qh4 Bf5 62. Nf4 c2 63. Kh2 c1=Q 64. Rxc1 Rxc1 65. Nh5+ Kh7 66.
Nf6+ Kg6 67. Nh7 Qh6 0-1

[Event "XXVIII Festival Conca della Presolana A"]
[Site "Bratto - Castione della Presolana ITA"]
[Date "2008.08.23"]
[Round "2"]
[White "Nardelli, Marco"]
[Black "Efimov, Igor"]
[Result "0-1"]
[WhiteElo "2113"]
[BlackElo "2458"]
[PlyCount "52"]
[EventDate "2008.08.22"]

1. e4 c5 2. Nf3 d6 3. d4 cxd4 4. Nxd4 Nf6 5. Nc3 Bd7 6. Bg5 e6 7. Qd2 a6 8. f4
h6 9. Bxf6 Qxf6 10. O-O-O Nc6 11. e5 dxe5 12. Ndb5 Qd8 13. Nd6+ Bxd6 14. Qxd6
Qe7 15. fxe5 Rd8 16. Qxe7+ Kxe7 17. Re1 Bc8 18. g3 b5 19. Bg2 Bb7 20. a4 b4 21.
Nb1 Rd7 22. Nd2 Rc8 23. Nb3 Na5 24. Nxa5 Bxg2 25. Rhg1 Bd5 26. Re3 Rdc7 0-1

[Event "XXVIII Festival Conca della Presolana A"]
[Site "Bratto - Castione della Presolana ITA"]
[Date "2008.08.23"]
[Round "2"]
[White "Oppici, Gabriele"]
[Black "Cordara, Michele"]
[Result "0-1"]
[WhiteElo "2055"]
[BlackElo "2146"]
[PlyCount "136"]
[EventDate "2008.08.22"]

1. Nf3 c5 2. Nc3 d6 3. d4 cxd4 4. Nxd4 Nf6 5. g3 Bd7 6. Bg2 Nc6 7. O-O g6 8. e4
Bg7 9. h3 O-O 10. Be3 Ne5 11. Nce2 Nc4 12. Bc1 b5 13. b3 Nb6 14. e5 dxe5 15.
Nc6 Bxc6 16. Bxc6 Rc8 17. Bxb5 Qxd1 18. Rxd1 Rxc2 19. Ba3 Nfd5 20. Bd3 Rc7 21.
Rac1 Rfc8 22. Ba6 Rxc1 23. Nxc1 Rc2 24. Bd3 Rc7 25. Ne2 e6 26. Bd6 Rd7 27. Ba3
Bf8 28. Bxf8 Kxf8 29. a3 Rc7 30. Rc1 Rxc1+ 31. Nxc1 Ke7 32. Kf1 f5 33. Ke1 h5
34. Kd2 Kd6 35. Be2 Nd7 36. b4 N7f6 37. f3 e4 38. f4 h4 39. gxh4 Nxf4 40. Bf1
N6d5 41. b5 e3+ 42. Kc2 Ke5 43. a4 Kd6 44. Kb3 Kc5 45. a5 e5 46. Kc2 Ne6 47.
Nd3+ Kd4 48. Be2 e4 49. Nc1 f4 50. Nb3+ Ke5 51. b6 axb6 52. a6 Nd4+ 53. Nxd4
Kxd4 54. a7 Nc7 55. h5 gxh5 56. Bxh5 f3 57. h4 Ke5 58. Bg4 Kf4 59. h5 Kg5 60.
Kd1 b5 61. Bd7 b4 62. Bc6 Kxh5 63. Bxe4 Kg4 64. a8=Q Nxa8 65. Bxa8 b3 66. Bd5
b2 67. Be4 Kg3 68. Ke1 Kg2 0-1

[Event "XXVIII Festival Conca della Presolana A"]
[Site "Bratto - Castione della Presolana ITA"]
[Date "2008.08.23"]
[Round "2"]
[White "Pagnoncelli, Marco"]
[Black "Boccalatte, Piero"]
[Result "0-1"]
[WhiteElo "2126"]
[BlackElo "2011"]
[PlyCount "74"]
[EventDate "2008.08.22"]

1. e4 c6 2. d4 d5 3. e5 Bf5 4. h4 h5 5. c4 e6 6. Nc3 Be7 7. g3 Nh6 8. cxd5 cxd5
9. Bb5+ Kf8 10. Nge2 Qb6 11. f3 Nc6 12. a3 Rc8 13. Be3 a6 14. Bxc6 Rxc6 15. Qd2
Qb3 16. Nf4 Ng8 17. Rh2 g6 18. Nfe2 Qc2 19. Nc1 Qxd2+ 20. Kxd2 Kg7 21. b4 Nh6
22. N1e2 Rhc8 23. Rg1 a5 24. b5 Rc4 25. g4 hxg4 26. Bxh6+ Kxh6 27. fxg4 Be4 28.
Nxe4 dxe4 29. Ke3 Bxa3 30. Kxe4 Rb4 31. Rf1 Rc7 32. g5+ Kg7 33. Ra1 Rb3 34. b6
Rd7 35. Rf1 Bb4 36. Rc1 Bd2 37. d5 exd5+ 0-1

[Event "XXVIII Festival Conca della Presolana A"]
[Site "Bratto - Castione della Presolana ITA"]
[Date "2008.08.23"]
[Round "2"]
[White "Pesce, Gabriele"]
[Black "Stips, Felix"]
[Result "1/2-1/2"]
[WhiteElo "2102"]
[BlackElo "2061"]
[PlyCount "79"]
[EventDate "2008.08.22"]

1. e4 d5 2. exd5 Qxd5 3. Nc3 Qd6 4. d4 Nf6 5. Bc4 a6 6. Nf3 Bg4 7. h3 Bh5 8. d5
b5 9. Bb3 c5 10. dxc6 Qxd1+ 11. Kxd1 Nxc6 12. g4 Nxg4 13. hxg4 Bxg4 14. Bd5
O-O-O 15. Ke2 Nd4+ 16. Ke3 Nxc2+ 17. Kf4 Nxa1 18. Kxg4 e6 19. Bg5 Nc2 20. Rc1
Rd7 21. Bb3 Nb4 22. Nxb5+ Kb7 23. Ne5 Nd3 24. Nxd7 Nxc1 25. Bxc1 axb5 26. Ne5
Bc5 27. Nxf7 Rf8 28. Ng5 Bxf2 29. Nxh7 Rc8 30. Bf4 Bd4 31. Bxe6 Rh8 32. Ng5
Bxb2 33. Nf7 Rf8 34. Kg5 Kb6 35. Ne5 Bxe5 36. Bxe5 Re8 37. Bd4+ Ka5 38. Bf7 Re7
39. Kg6 Rxf7 40. Kxf7 1/2-1/2

[Event "XXVIII Festival Conca della Presolana A"]
[Site "Bratto - Castione della Presolana ITA"]
[Date "2008.08.23"]
[Round "2"]
[White "Piasetski, Leon David"]
[Black "Matamoros Franco, Carlos S."]
[Result "0-1"]
[WhiteElo "2314"]
[BlackElo "2508"]
[PlyCount "92"]
[EventDate "2008.08.22"]

1. d4 Nf6 2. c4 g6 3. Nc3 Bg7 4. e4 d6 5. Nge2 O-O 6. Ng3 c5 7. dxc5 dxc5 8.
Qxd8 Rxd8 9. e5 Ng4 10. f4 Nc6 11. h3 Nb4 12. Rb1 Nh6 13. Nge4 f6 14. exf6 exf6
15. a3 Nc2+ 16. Kf2 f5 17. Ng5 Nxa3 18. bxa3 Bxc3 19. Be2 b6 20. Bf3 Rb8 21.
Bd5+ Kh8 22. Bb2 Bxb2 23. Rxb2 Bd7 24. Re1 Re8 25. Re5 Ng8 26. Rbe2 Rxe5 27.
fxe5 Be8 28. Ne6 Ne7 29. Nc7 Kg7 30. Ne6+ Kh8 31. Nc7 Rc8 32. Nxe8 Rxe8 33. Bf7
Rf8 34. e6 Kg7 35. Rd2 Kf6 36. Rd7 Rb8 37. a4 Nc6 38. Rc7 Ne5 39. h4 Nxc4 40.
h5 Ne5 41. Ke2 gxh5 42. Bxh5 Kxe6 43. Rxh7 Ra8 44. Rh6+ Kd5 45. Rf6 Ke4 46.
Bf3+ Nxf3 0-1

[Event "XXVIII Festival Conca della Presolana A"]
[Site "Bratto - Castione della Presolana ITA"]
[Date "2008.08.23"]
[Round "2"]
[White "Piemonti, Carlo"]
[Black "Andreoli, Renato"]
[Result "0-1"]
[WhiteElo "2051"]
[BlackElo "2139"]
[PlyCount "48"]
[EventDate "2008.08.22"]

1. e4 e5 2. Nf3 Nc6 3. Bb5 Nf6 4. O-O Nxe4 5. Re1 Nd6 6. Nxe5 Be7 7. Bd3 O-O 8.
Nc3 Bf6 9. Nf3 Nb4 10. Bf1 Nf5 11. a3 Nc6 12. Nd5 d6 13. c3 Be6 14. Nxf6+ Qxf6
15. d4 Bd5 16. b4 Rfe8 17. Be2 h6 18. Bb2 Rab8 19. a4 Re7 20. Qd2 Rbe8 21. a5
Qg6 22. g3 Qf6 23. b5 Nxa5 24. Ne5 Nb3 0-1

[Event "XXVIII Festival Conca della Presolana A"]
[Site "Bratto - Castione della Presolana ITA"]
[Date "2008.08.23"]
[Round "2"]
[White "Piscopo, Pierluigi"]
[Black "De Nardi, Riccardo"]
[Result "1-0"]
[WhiteElo "2389"]
[BlackElo "1982"]
[PlyCount "83"]
[EventDate "2008.08.22"]

1. e4 c5 2. Nf3 d6 3. c3 Nf6 4. Be2 Bd7 5. d3 Bc6 6. Nbd2 Nbd7 7. O-O g6 8. Re1
Bg7 9. Bf1 Ne5 10. Nxe5 dxe5 11. Nc4 Qc7 12. a4 O-O 13. Be3 Rad8 14. f3 Bd7 15.
b4 Be6 16. Qc1 Bxc4 17. dxc4 Nd7 18. Qa3 e6 19. Rad1 Bf6 20. a5 Be7 21. Qa4 Nb8
22. Rb1 Nc6 23. Rb2 Rd7 24. Ra1 Nb8 25. Kh1 Rfd8 26. Be2 f5 27. exf5 exf5 28.
Qa3 f4 29. Bf2 Rd2 30. Be1 R2d7 31. Qa4 b6 32. axb6 axb6 33. Ra3 Rd6 34. Qc2
Nd7 35. Rba2 Rb8 36. Ra7 Qd8 37. Qe4 Kg7 38. g3 g5 39. Bf1 Rc8 40. Bh3 Bf6 41.
Qb7 Rb8 42. Qxd7+ 1-0

[Event "XXVIII Festival Conca della Presolana A"]
[Site "Bratto - Castione della Presolana ITA"]
[Date "2008.08.23"]
[Round "2"]
[White "Qendro, Llambi"]
[Black "Tiviakov, Sergei"]
[Result "0-1"]
[WhiteElo "2375"]
[BlackElo "2645"]
[PlyCount "96"]
[EventDate "2008.08.22"]

1. d4 Nf6 2. c4 e6 3. Nf3 b6 4. g3 c6 5. Bg2 Be7 6. O-O O-O 7. Nc3 d5 8. Ne5
Bb7 9. Re1 Nfd7 10. Nxd7 Qxd7 11. Qa4 dxc4 12. Qxc4 Na6 13. Bf4 Nb4 14. Qb3
Rac8 15. Red1 Nd5 16. Bd2 Rfd8 17. e4 Nc7 18. Bf4 Bf6 19. e5 Be7 20. Rac1 Qe8
21. Qa4 Ra8 22. h4 Nb5 23. Qc4 Rac8 24. a4 Nc7 25. Qb3 Ba8 26. Be3 Rd7 27. a5
bxa5 28. Qa4 Bb4 29. Na2 c5 30. Nxb4 cxb4 31. Qxa5 Bxg2 32. Kxg2 Nd5 33. Rxc8
Qxc8 34. Kh3 Rc7 35. Rc1 Rxc1 36. Bxc1 h6 37. Qc5 Qa6 38. Kg2 Qe2 39. Qxa7 Qe4+
40. Kh2 Qc2 41. Qc5 Qxf2+ 42. Kh3 Qf1+ 43. Kh2 Qe2+ 44. Kh3 h5 45. Qc6 Kh7 46.
Qc5 b3 47. Bg5 Qxb2 48. Qf8 Qb1 0-1

[Event "XXVIII Festival Conca della Presolana A"]
[Site "Bratto - Castione della Presolana ITA"]
[Date "2008.08.23"]
[Round "2"]
[White "Ranfagni, Stefano"]
[Black "Klip, Hans"]
[Result "0-1"]
[WhiteElo "2049"]
[BlackElo "2390"]
[PlyCount "42"]
[EventDate "2008.08.22"]

1. e4 e5 2. Nf3 Nc6 3. d4 exd4 4. Nxd4 Bc5 5. Nb3 Bb6 6. a4 a6 7. Nc3 Nf6 8.
Bg5 d6 9. Qf3 Ne5 10. Qe2 Be6 11. f4 Neg4 12. Nd5 Bxd5 13. exd5+ Ne3 14. a5 Ba7
15. Ra4 O-O 16. Qd3 Qd7 17. Bxf6 Qxa4 18. Bc3 Rfe8 19. Be2 Nxg2+ 20. Kd1 Re3
21. Qf5 Rxc3 0-1

[Event "XXVIII Festival Conca della Presolana A"]
[Site "Bratto - Castione della Presolana ITA"]
[Date "2008.08.23"]
[Round "2"]
[White "Ranieri, Fabrizio"]
[Black "Mogranzini, Roberto"]
[Result "1/2-1/2"]
[WhiteElo "2245"]
[BlackElo "2423"]
[PlyCount "93"]
[EventDate "2008.08.22"]

1. e4 c5 2. Nf3 e6 3. d4 cxd4 4. Nxd4 a6 5. Nc3 Qc7 6. Be3 Nf6 7. Qd2 Bb4 8. f3
d5 9. e5 Nfd7 10. f4 Nc6 11. Bd3 Na5 12. a3 Bxc3 13. Qxc3 Qxc3+ 14. bxc3 Nc5
15. O-O Na4 16. Nb3 Nc4 17. Bxc4 dxc4 18. Nd2 b5 19. Ne4 Bd7 20. Nd6+ Ke7 21.
Bd4 f5 22. Rf3 Bc6 23. Rg3 Rhg8 24. Rb1 Rab8 25. Ba7 Rbd8 26. Bd4 Rd7 27. Kf2
Kd8 28. Rg5 g6 29. h4 h6 30. Rg3 Rdg7 31. Rh1 Ke7 32. Rhh3 Bd5 33. Rh2 h5 34.
Rhh3 Kd7 35. Ke3 Kc6 36. Rh1 a5 37. Rb1 Rb8 38. Rg5 Nc5 39. Bxc5 Kxc5 40. Rg3
Bc6 41. Rg5 Bd5 42. Rg3 Rgg8 43. Rg5 Rb6 44. Rg3 Rbb8 45. Rg5 Bc6 46. Rg3 Rbd8
47. Rg5 1/2-1/2

[Event "XXVIII Festival Conca della Presolana A"]
[Site "Bratto - Castione della Presolana ITA"]
[Date "2008.08.23"]
[Round "2"]
[White "Ricci, Alfredo"]
[Black "Gutierrez Castillo, Paloma"]
[Result "0-1"]
[WhiteElo "2069"]
[BlackElo "2157"]
[PlyCount "45"]
[EventDate "2008.08.22"]

1. e4 e5 2. Nc3 Nf6 3. g3 Nc6 4. Bg2 Bc5 5. d3 d6 6. h3 a6 7. Nge2 O-O 8. O-O
Ne8 9. Kh2 f5 10. f4 Ba7 11. fxe5 dxe5 12. exf5 Rxf5 13. Bd5+ Kh8 14. Rxf5 Bxf5
15. Qf1 Nd6 16. Qf3 Qd7 17. g4 Be6 18. Be3 Bxe3 19. Bxe6 Qxe6 20. Qxe3 Nb4 21.
Rc1 Rf8 22. a3 Nd5 23. Re1 0-1

[Event "XXVIII Festival Conca della Presolana A"]
[Site "Bratto - Castione della Presolana ITA"]
[Date "2008.08.23"]
[Round "2"]
[White "Sax, Gyula"]
[Black "Vezzosi, Paolo"]
[Result "1/2-1/2"]
[WhiteElo "2506"]
[BlackElo "2352"]
[PlyCount "114"]
[EventDate "2008.08.22"]

1. e4 c6 2. Ne2 d6 3. d4 Nf6 4. Nbc3 Nbd7 5. g3 e5 6. Bg2 Be7 7. O-O h5 8. h3
h4 9. g4 Nh7 10. f4 exf4 11. Nxf4 Ng5 12. Qe1 g6 13. Kh1 Qc7 14. Qf2 Nb6 15. a4
a5 16. e5 dxe5 17. dxe5 O-O 18. Qxh4 Qxe5 19. Re1 Ne6 20. Qf2 Bc5 21. Qf1 Qh8
22. Ne4 Bd4 23. c3 Be5 24. Nd3 Bg7 25. Nd6 Nd5 26. Bd2 Nf6 27. Ne5 Ne4 28. Rxe4
Bxe5 29. Nxc8 Raxc8 30. Qe2 Rcd8 31. Rf1 Bf6 32. Be3 Ng5 33. Bxg5 Bxg5 34. Re5
Rd2 35. Qc4 Qh4 36. Re2 Rdd8 37. Re5 Bf6 38. Rxa5 Rd2 39. Qf4 Bd8 40. Qxd2 Bxa5
41. Qd6 Qd8 42. Qxd8 Rxd8 43. Be4 Rd2 44. b4 Bc7 45. Rf3 Kg7 46. Kg1 Be5 47.
Kf1 Ra2 48. a5 Ra3 49. c4 Rxf3+ 50. Bxf3 Bc3 51. Bxc6 Bxb4 52. Bxb7 Bxa5 53. c5
Kh6 54. Ke2 Kg5 55. Kf3 f5 56. Bc8 Kf6 57. Bd7 Bc7 1/2-1/2

[Event "XXVIII Festival Conca della Presolana A"]
[Site "Bratto - Castione della Presolana ITA"]
[Date "2008.08.23"]
[Round "2"]
[White "Sbarra, Marco"]
[Black "Rombaldoni, Denis"]
[Result "0-1"]
[WhiteElo "2236"]
[BlackElo "2418"]
[PlyCount "74"]
[EventDate "2008.08.22"]

1. d4 Nf6 2. c4 e6 3. Nc3 Bb4 4. Qc2 O-O 5. a3 Bxc3+ 6. Qxc3 b5 7. cxb5 c6 8.
Nf3 cxb5 9. Bg5 Bb7 10. e3 h6 11. Bxf6 Qxf6 12. Be2 Rc8 13. Qb4 a6 14. a4 Qg6
15. axb5 Rc2 16. Nh4 Qg5 17. d5 a5 18. Qd4 Qxd5 19. Qxd5 Bxd5 20. Bd3 Rxb2 21.
O-O g5 22. Nf3 Bxf3 23. gxf3 d5 24. Rfb1 Rxb1+ 25. Rxb1 a4 26. Bc2 a3 27. Bb3
a2 28. Ra1 Ra3 29. Bxa2 Nd7 30. Kf1 Nb6 31. Ke1 Ra5 32. Kd2 Rxb5 33. Kc3 Na4+
34. Kd4 Rb4+ 35. Kd3 Kg7 36. Bb1 Nc5+ 37. Kc2 Rh4 0-1

[Event "XXVIII Festival Conca della Presolana A"]
[Site "Bratto - Castione della Presolana ITA"]
[Date "2008.08.23"]
[Round "2"]
[White "Scalcione, Michelangelo"]
[Black "Griffa, Roberto"]
[Result "1-0"]
[WhiteElo "2398"]
[BlackElo "2084"]
[PlyCount "101"]
[EventDate "2008.08.22"]

1. Nf3 d5 2. d4 c5 3. c4 e6 4. cxd5 exd5 5. Nc3 Nc6 6. g3 Nf6 7. Bg2 Be7 8. O-O
O-O 9. Bg5 cxd4 10. Nxd4 h6 11. Be3 Re8 12. Rc1 Bf8 13. Nxc6 bxc6 14. Na4 Qa5
15. Bc5 Bxc5 16. Rxc5 Qa6 17. e3 Ne4 18. Rc1 Bf5 19. Qd4 Rab8 20. a3 Qe2 21.
Qd1 Qb5 22. Re1 Bd7 23. b4 Red8 24. Nc5 Bf5 25. Nb3 Qa4 26. Nd4 Qxd1 27. Rexd1
Bd7 28. Nxc6 Bxc6 29. Rxc6 Rdc8 30. Rdc1 Rxc6 31. Rxc6 a5 32. Bxe4 dxe4 33. Rc4
axb4 34. axb4 f5 35. g4 g6 36. Kg2 Kf7 37. Kg3 Rb5 38. h4 Rb6 39. h5 Kf6 40.
hxg6 Kxg6 41. gxf5+ Kxf5 42. Rc5+ Kg6 43. b5 Rb8 44. Rc6+ Kf5 45. Rxh6 Rg8+ 46.
Kh2 Rg5 47. b6 Kg4 48. Rf6 Rb5 49. Rf4+ Kg5 50. Rxe4 Rxb6 51. Kg3 1-0

[Event "XXVIII Festival Conca della Presolana A"]
[Site "Bratto - Castione della Presolana ITA"]
[Date "2008.08.23"]
[Round "2"]
[White "Scotti, Umberto"]
[Black "Parodi, Alessandro"]
[Result "1/2-1/2"]
[WhiteElo "2172"]
[BlackElo "2053"]
[PlyCount "61"]
[EventDate "2008.08.22"]

1. d4 Nf6 2. Nf3 g6 3. Bf4 Bg7 4. e3 O-O 5. c4 d6 6. Nc3 Nbd7 7. h3 c6 8. Be2
Qe8 9. O-O e5 10. Bh2 Qe7 11. Qc2 a6 12. b4 Ne8 13. Rfd1 Nc7 14. Rab1 b5 15.
dxe5 Nxe5 16. cxb5 axb5 17. Rbc1 Bb7 18. Qb3 Rfd8 19. Rd2 Rd7 20. Rcd1 d5 21.
Nxe5 Bxe5 22. Bxe5 Qxe5 23. a4 bxa4 24. Nxa4 Rdd8 25. Nc5 Bc8 26. Rd4 Ne6 27.
Nxe6 fxe6 28. Rc1 Ba6 29. Bxa6 Rxa6 30. Qd3 Rda8 31. Qc3 1/2-1/2

[Event "XXVIII Festival Conca della Presolana A"]
[Site "Bratto - Castione della Presolana ITA"]
[Date "2008.08.23"]
[Round "2"]
[White "Simutowe, Amon"]
[Black "Zinani, Alessandro"]
[Result "1-0"]
[WhiteElo "2458"]
[BlackElo "2240"]
[PlyCount "61"]
[EventDate "2008.08.22"]

1. Nf3 d5 2. d4 Nf6 3. c4 c6 4. Nc3 e6 5. cxd5 cxd5 6. Bg5 Qb6 7. Bxf6 gxf6 8.
Qd2 Nc6 9. Rc1 Bd7 10. e3 Na5 11. Bd3 Rc8 12. O-O Nc4 13. Bxc4 dxc4 14. e4 Rg8
15. Rfd1 Rg6 16. Rc2 Bh6 17. Qe2 Qc7 18. d5 Qf4 19. e5 Qg4 20. g3 Kf8 21. exf6
e5 22. Nxe5 Qh3 23. Nxg6+ hxg6 24. Rd4 Re8 25. Re4 Rxe4 26. Nxe4 Bg4 27. f3 Bf5
28. Nd6 Bd7 29. Qe7+ Kg8 30. Qxf7+ Kh8 31. Qe7 1-0

[Event "XXVIII Festival Conca della Presolana A"]
[Site "Bratto - Castione della Presolana ITA"]
[Date "2008.08.23"]
[Round "2"]
[White "Spassov, Liuben D."]
[Black "Osuna Munoz, Xavier"]
[Result "1/2-1/2"]
[WhiteElo "2428"]
[BlackElo "2093"]
[PlyCount "91"]
[EventDate "2008.08.22"]

1. d4 e6 2. c4 f5 3. g3 Nf6 4. Bg2 d5 5. Qc2 c6 6. Nh3 Bd6 7. O-O O-O 8. Bf4
Be7 9. Nd2 Nh5 10. Bxb8 Rxb8 11. e3 Nf6 12. Nf3 Bd6 13. Nf4 Qe7 14. Nd3 Bd7 15.
Nfe5 b6 16. Rac1 Rfc8 17. Qb3 Be8 18. Rc2 Bxe5 19. Nxe5 Nd7 20. Nd3 Qf7 21.
cxd5 cxd5 22. Rfc1 Rxc2 23. Qxc2 Nf8 24. Ne5 Qe7 25. Qc7 Rb7 26. Qxe7 Rxe7 27.
Rc8 g6 28. Bf1 Kg7 29. Ba6 g5 30. f4 h6 31. Kf2 Ng6 32. Nd3 g4 33. b3 h5 34. a4
h4 35. Nb4 hxg3+ 36. hxg3 Kf7 37. Bb5 Bd7 38. Ra8 a5 39. Na6 Bxb5 40. axb5 Rb7
41. Ke2 Nf8 42. Nb8 Nd7 43. Nxd7 Rxd7 44. Rb8 Rd6 45. Rb7+ Ke8 46. Kd2 1/2-1/2

[Event "XXVIII Festival Conca della Presolana A"]
[Site "Bratto - Castione della Presolana ITA"]
[Date "2008.08.23"]
[Round "2"]
[White "Tjiam, Dharma"]
[Black "Burmakin, Vladimir"]
[Result "1/2-1/2"]
[WhiteElo "2372"]
[BlackElo "2625"]
[PlyCount "82"]
[EventDate "2008.08.22"]

1. d4 d5 2. c4 c6 3. Nf3 Nf6 4. Nc3 a6 5. c5 g6 6. Bf4 Nh5 7. Bd2 Bg7 8. e3 Nd7
9. Be2 Nhf6 10. O-O O-O 11. Rc1 Re8 12. b4 e5 13. Nxe5 Nxe5 14. dxe5 Rxe5 15.
Na4 Ne4 16. Nb6 Nxd2 17. Qxd2 Rb8 18. Nxc8 Rxc8 19. Bf3 Qe7 20. Qd3 h5 21. a4
Re6 22. g3 Re8 23. Bg2 h4 24. Rb1 Qg5 25. b5 axb5 26. axb5 Qg4 27. bxc6 bxc6
28. Rfd1 hxg3 29. hxg3 Ra8 30. Rdc1 Bf6 31. Qf1 Re7 32. Rb6 Qd7 33. Rcb1 Kg7
34. Qd1 Ra5 35. Qc2 Ra3 36. R1b3 Ra4 37. Bf1 Ra1 38. Rb1 Ra3 39. R1b3 Ra1 40.
Rb1 Ra3 41. R1b3 Ra1 1/2-1/2